Giáo trình kỹ thuật môi trường: Nghề: sản xuất các phẩm lọc dầu, trình độ :Lành nghề

সংরক্ষণ করুন:
গ্রন্থ-পঞ্জীর বিবরন
প্রধান লেখক: Võ Đình Long
বিন্যাস: Sách
ভাষা:Undetermined
প্রকাশিত: Dự án giáo dục kỹ thuật và dạy nghề (VTEP) 2008
বিষয়গুলি:
ট্যাগগুলো: ট্যাগ যুক্ত করুন
কোনো ট্যাগ নেই, প্রথমজন হিসাবে ট্যাগ করুন!
Thư viện lưu trữ: Trung tâm Thư viện - Trường Đại học Công nghiệp TP. Hồ Chí Minh
LEADER 00617nam a2200157Ia 4500
001 UIH_00202
008 230809s9999 xx 000 0 und d
082 |a 628 
100 |a Võ Đình Long 
245 0 |a Giáo trình kỹ thuật môi trường: Nghề: sản xuất các phẩm lọc dầu, trình độ :Lành nghề 
245 0 |c Võ Đình Long 
260 |b Dự án giáo dục kỹ thuật và dạy nghề (VTEP) 
260 |c 2008 
650 |a Môi trường; 
927 |a Sách 
980 |a Trung tâm Thư viện - Trường Đại học Công nghiệp TP. Hồ Chí Minh